000 00656nam a22002291 4500
001 16407
003 BD-RjUL
005 20211209000015.0
008 010213r19691961njua 000 0 eng d
035 _a(BD-RjUL)16462
040 _aDLC
_cDLC
_dDLC
_dBD-RjUL
_beng
041 _aeng
082 0 0 _a796.33223
_bJOO 1969
100 1 _aJones, Gomer.
_950725
245 1 0 _aOffensive and defensive line play
_c Gomer.Jones
260 _aEnglewood Cliffs, N.J. :
_bPrentice-Hall,
_c1961 [Reprinted 1969]
300 _a171 p. :
_billus. ;
_c24 cm.
650 0 _aLine play (Football)
_950726
942 _2ddc
_cBK
999 _c16407
_d16407